[Event "Chigorin Memorial"]
[Site "St Petersburg"]
[Date "2016.10.20"]
[Round "6.1"]
[White "Sengupta, Deep"]
[Black "Sjugirov, Sanan"]
[Result "0-1"]
[WhiteElo "2570"]
[BlackElo "2660"]
[PlyCount "136"]
[EventDate "2016.10.15"]
[EventType "swiss"]
[EventRounds "9"]
[EventCountry "RUS"]
[WhiteClock "0:03:04"]
[BlackClock "0:03:17"]

1. e4 e5 2. Nf3 Nc6 3. Bc4 Bc5 4. d3 Nf6 5. O-O d6 6. c3 a6 7. Bb3 Ba7 8. Nbd2
O-O 9. h3 h6 10. Re1 Be6 11. Bc2 Re8 12. Nf1 d5 13. exd5 Nxd5 14. Ng3 Qe7 15.
Bd2 Rad8 16. b4 b5 17. a4 Bb6 18. Bb1 Qd6 19. axb5 axb5 20. Nh4 Ndxb4 21. d4
Nxd4 22. cxd4 Qxd4 23. Nf3 Qxf2+ 24. Kh2 Qc5 25. Rxe5 Nd5 26. Qc2 Qxc2 27. Bxc2
c5 28. Ree1 Bc7 29. Ba5 Nb6 30. Reb1 b4 31. Bb3 Rd3 32. Bxb6 Bxb6 33. Bxe6 Rxe6
34. Ra8+ Kh7 35. Rc8 Rd7 36. Nf1 Bc7+ 37. Kg1 Re2 38. N3d2 Be5 39. Nf3 Bc7 40.
N3d2 Bf4 41. Nb3 Ra7 42. Kh1 Bd6 43. Rc6 Be7 44. Ng3 Re5 45. Nd2 Ra2 46. Nf3
Re6 47. Rc8 g6 48. Nf1 Ree2 49. Rc7 Kg7 50. N1d2 Bd6 51. Rc6 Raxd2 52. Nxd2
Rxd2 53. Kg1 Be5 54. Rb3 Bd4+ 55. Kh2 Rd1 56. Kg3 Rf1 57. Kh2 Be5+ 58. g3 Rf2+
59. Kh1 Bd4 60. g4 Ra2 61. Rb1 Ra3 62. Kg2 b3 63. Rb6 b2 64. Rb7 Ra1 65. Rf1
Rxf1 66. Kxf1 Bc3 67. Rb3 c4 68. Rb5 Bb4 0-1

[Event "Chigorin Memorial"]
[Site "St Petersburg"]
[Date "2016.10.20"]
[Round "6.2"]
[White "Volkov, Sergey"]
[Black "Alekseev, Evgeny"]
[Result "1-0"]
[WhiteElo "2609"]
[BlackElo "2636"]
[PlyCount "97"]
[EventDate "2016.10.15"]
[EventType "swiss"]
[EventRounds "9"]
[EventCountry "RUS"]
[WhiteClock "0:10:34"]
[BlackClock "0:27:56"]

1. d4 Nf6 2. c4 e6 3. Nc3 Bb4 4. f3 d5 5. a3 Bxc3+ 6. bxc3 c5 7. cxd5 exd5 8.
e3 c4 9. Ne2 h5 10. g3 Nc6 11. Bg2 h4 12. O-O hxg3 13. Nxg3 Be6 14. e4 Qd7 15.
Bg5 Nh7 16. f4 Nxg5 17. fxg5 Ne7 18. Ra2 O-O-O 19. Raf2 Rh4 20. Rxf7 Bxf7 21.
Rxf7 Qd6 22. Qf1 dxe4 23. Bxe4 Kb8 24. Rxg7 Nd5 25. Qf7 Nc7 26. g6 Rhh8 27.
Qxc4 Qf4 28. Rf7 Qe3+ 29. Kg2 Qd2+ 30. Ne2 Qg5+ 31. Kh1 Rc8 32. g7 Rhe8 33. Ng3
a6 34. a4 Qg4 35. Qd3 Qe6 36. Qf3 Re7 37. Rxe7 Qxe7 38. Nf5 Qg5 39. h4 Qd2 40.
Qg3 Rg8 41. Bg2 Qe2 42. d5 a5 43. Kh2 Qh5 44. Ne7 Rxg7 45. Qxg7 Qxh4+ 46. Bh3
Qf2+ 47. Qg2 Qf4+ 48. Qg3 Qd2+ 49. Kg1 1-0

[Event "Chigorin Memorial"]
[Site "St Petersburg"]
[Date "2016.10.20"]
[Round "6.3"]
[White "Jumabayev, Rinat"]
[Black "Alekseenko, Kirill"]
[Result "0-1"]
[WhiteElo "2609"]
[BlackElo "2554"]
[PlyCount "113"]
[EventDate "2016.10.15"]
[EventType "swiss"]
[EventRounds "9"]
[EventCountry "RUS"]
[WhiteClock "0:01:38"]
[BlackClock "0:16:21"]

1. d4 d5 2. c4 dxc4 3. e4 Nf6 4. e5 Nd5 5. Bxc4 Nb6 6. Bb3 Nc6 7. Ne2 Bf5 8.
Nbc3 e6 9. Be3 Qd7 10. O-O O-O-O 11. Qc1 Kb8 12. Rd1 Ne7 13. Bg5 h6 14. Bxe7
Bxe7 15. d5 Qc8 16. Qe3 exd5 17. Bxd5 Rhf8 18. Bb3 Be6 19. Nd4 Bg4 20. f3 c5
21. Ndb5 c4 22. Nd6 Qe6 23. Ncb5 Bxd6 24. Nxd6 Bf5 25. Qf4 cxb3 26. Nxf5 g5 27.
Qe4 Rxd1+ 28. Rxd1 bxa2 29. Nd6 Qd5 30. Ra1 Qxe4 31. fxe4 Nd7 32. Rxa2 Nxe5 33.
Ra5 f6 34. Rb5 b6 35. Nf5 h5 36. Ne7 Re8 37. Nd5 Nd7 38. Rb4 Rc8 39. Nc3 Ne5
40. Rd4 Kb7 41. Kf1 Rc4 42. Rd2 a5 43. h3 a4 44. Nb5 Rc1+ 45. Kf2 Nc4 46. Re2
Ka6 47. Na3 Nxa3 48. bxa3 Rc3 49. e5 fxe5 50. Rxe5 Rxa3 51. Rxg5 Rb3 52. Rxh5
a3 53. Rh8 Rb2+ 54. Ke3 a2 55. Kd3 Kb5 56. Ra8 Kb4 57. Kd4 0-1

[Event "Chigorin Memorial"]
[Site "St Petersburg"]
[Date "2016.10.20"]
[Round "6.5"]
[White "Smirin, Ilia"]
[Black "Ponkratov, Pavel"]
[Result "1/2-1/2"]
[WhiteElo "2685"]
[BlackElo "2589"]
[PlyCount "93"]
[EventDate "2016.10.15"]
[EventType "swiss"]
[EventRounds "9"]
[EventCountry "RUS"]
[WhiteClock "0:20:18"]
[BlackClock "1:11:00"]

1. Nf3 Nf6 2. g3 g6 3. Bg2 Bg7 4. d4 d5 5. O-O O-O 6. c4 c6 7. b3 a5 8. Nc3 Ne4
9. Bb2 Nxc3 10. Bxc3 Nd7 11. cxd5 cxd5 12. b4 axb4 13. Bxb4 b6 14. Qb3 Bb7 15.
Rfc1 Re8 16. e3 e6 17. Bd6 Ba6 18. Bf1 Bxf1 19. Kxf1 Bf8 20. Bxf8 Rxf8 21. Kg2
Ra7 22. Rc2 Qe7 23. Rac1 Rfa8 24. h4 Kg7 25. h5 g5 26. Rc7 Qd8 27. Qc2 h6 28.
Qc6 g4 29. Ne1 Rxc7 30. Qxc7 Qxc7 31. Rxc7 Nf6 32. Nd3 Ne4 33. Ne5 Ng5 34. Nxg4
Rxa2 35. Ne5 b5 36. Rb7 Rb2 37. Nd3 Rd2 38. Nc5 Rb2 39. g4 b4 40. Nd3 Rd2 41.
Nc5 Rb2 42. Rb5 Kg8 43. Kg3 Rb1 44. f4 Ne4+ 45. Nxe4 dxe4 46. f5 Rf1 47. fxe6
1/2-1/2

[Event "Chigorin Memorial"]
[Site "St Petersburg"]
[Date "2016.10.20"]
[Round "6.7"]
[White "Gajewski, Grzegorz"]
[Black "Tran, Tuan Minh"]
[Result "0-1"]
[WhiteElo "2621"]
[BlackElo "2468"]
[PlyCount "72"]
[EventDate "2016.10.15"]
[EventType "swiss"]
[EventRounds "9"]
[EventCountry "RUS"]
[WhiteClock "0:01:35"]
[BlackClock "0:02:56"]

1. c4 e5 2. g3 c6 3. Nf3 d6 4. Nc3 Nf6 5. Bg2 Be7 6. O-O O-O 7. d3 a5 8. a3 Bd7
9. Ne1 Na6 10. Nc2 Nc5 11. b4 Nb3 12. Rb1 Nxc1 13. Qxc1 axb4 14. axb4 Be6 15.
b5 Rc8 16. Qe3 d5 17. d4 cxb5 18. cxd5 Bxd5 19. Bh3 exd4 20. Nxd4 Rc4 21. Nf5
Bc5 22. Qg5 g6 23. Nxb5 Ne4 24. Nh6+ Kg7 25. Nf5+ Kg8 26. Nh6+ Kh8 27. Qxd8
Rxd8 28. Rbd1 Kg7 29. Ng4 Ng5 30. Bg2 Bxg2 31. Kxg2 Rxd1 32. Rxd1 Rxg4 33. f4
Ne4 34. Rd7 g5 35. e3 Bxe3 36. Re7 Nxg3 0-1

[Event "Chigorin Memorial"]
[Site "St Petersburg"]
[Date "2016.10.20"]
[Round "6.8"]
[White "Levin, Evgeny A"]
[Black "Romanov, Evgeny"]
[Result "0-1"]
[WhiteElo "2505"]
[BlackElo "2619"]
[PlyCount "67"]
[EventDate "2016.10.15"]
[EventType "swiss"]
[EventRounds "9"]
[EventCountry "RUS"]
[WhiteClock "0:00:34"]
[BlackClock "0:09:32"]

1. d4 Nf6 2. c4 e6 3. Nf3 b6 4. a3 Bb7 5. Nc3 g6 6. Qc2 Bg7 7. e4 d6 8. Be2
Nbd7 9. O-O O-O 10. h3 c5 11. d5 Qe7 12. Bg5 h6 13. Be3 Rae8 14. Rfe1 e5 15. g3
Nh7 16. Nh4 Bc8 17. Kh2 Ndf6 18. Bf1 Ng5 19. f3 Nh5 20. Bg2 Bf6 21. Qf2 Nh7 22.
Bxh6 Nxg3 23. Nxg6 fxg6 24. Qxg3 Bh4 25. Qxg6+ Kh8 26. f4 Rg8 27. Qh5 Nf6 28.
Qf3 Rg3 29. Qe2 Qh7 30. Bg5 Ng4+ 31. hxg4 Bxg5+ 32. Kg1 Bxf4 33. Rf1 Bxg4 34.
Nb1 0-1

[Event "Chigorin Memorial"]
[Site "St Petersburg"]
[Date "2016.10.20"]
[Round "6.9"]
[White "Khalifman, Alexander"]
[Black "Malakhov, Igor"]
[Result "1/2-1/2"]
[WhiteElo "2617"]
[BlackElo "2456"]
[PlyCount "80"]
[EventDate "2016.10.15"]
[EventType "swiss"]
[EventRounds "9"]
[EventCountry "RUS"]
[WhiteClock "0:41:24"]
[BlackClock "0:42:56"]

1. d4 Nf6 2. c4 e6 3. Nc3 d5 4. Bg5 Be7 5. e3 O-O 6. Nf3 h6 7. Bh4 Ne4 8. Bxe7
Qxe7 9. Qc2 Nxc3 10. Qxc3 dxc4 11. Qxc4 c6 12. Be2 Nd7 13. O-O e5 14. Rac1 Re8
15. Rfe1 Nb6 16. Qc5 exd4 17. Qxe7 Rxe7 18. Nxd4 Bd7 19. Red1 Rae8 20. a3 Bc8
21. b4 a6 22. Nb3 Rd7 23. Nc5 Rxd1+ 24. Rxd1 Kf8 25. e4 Ke7 26. f4 g5 27. f5 f6
28. Kf2 Nd7 29. a4 a5 30. Nxd7 Bxd7 31. bxa5 Ra8 32. a6 bxa6 33. a5 Rb8 34. e5
Bxf5 35. exf6+ Kxf6 36. Rd6+ Ke5 37. Rxc6 Rb2 38. Ke3 Rb3+ 39. Kd2 Rb2+ 40. Ke3
Rb3+ {Ke4+} 1/2-1/2

[Event "Chigorin Memorial"]
[Site "St Petersburg"]
[Date "2016.10.20"]
[Round "6.10"]
[White "Kozionov, Kirill"]
[Black "Khismatullin, Denis"]
[Result "0-1"]
[WhiteElo "2439"]
[BlackElo "2617"]
[PlyCount "70"]
[EventDate "2016.10.15"]
[EventType "swiss"]
[EventRounds "9"]
[EventCountry "RUS"]
[WhiteClock "0:00:52"]
[BlackClock "0:00:40"]

1. e4 d6 2. d4 g6 3. Nc3 a6 4. Be3 b5 5. Qd2 Bg7 6. O-O-O Bb7 7. f3 Nd7 8. h4
h5 9. Nh3 Ngf6 10. Ng5 e6 11. Kb1 Qe7 12. a3 O-O 13. g4 Rad8 14. Ne2 c5 15. Ng3
cxd4 16. Bxd4 hxg4 17. h5 Nxh5 18. Bxg7 Kxg7 19. Nxh5+ gxh5 20. fxg4 f6 21. Nf3
Ne5 22. Qf4 Nxf3 23. Qxf3 d5 24. gxh5 dxe4 25. Qg4+ Kh8 26. Rxd8 Rxd8 27. Rg1
Qf7 28. Bh3 Rg8 29. Qxg8+ Qxg8 30. Rxg8+ Kxg8 31. Bxe6+ Kg7 32. b3 Kh6 33. c4
bxc4 34. bxc4 Kxh5 35. Bd7 Kh4 0-1

[Event "Chigorin Memorial"]
[Site "St Petersburg"]
[Date "2016.10.20"]
[Round "6.11"]
[White "Lu, Shanglei"]
[Black "Tsydypov, Zhamsaran"]
[Result "1-0"]
[WhiteElo "2615"]
[BlackElo "2451"]
[PlyCount "75"]
[EventDate "2016.10.15"]
[EventType "swiss"]
[EventRounds "9"]
[EventCountry "RUS"]
[WhiteClock "0:05:46"]
[BlackClock "0:00:55"]

1. e4 c5 2. Nf3 Nc6 3. Bb5 g6 4. Bxc6 bxc6 5. O-O Bg7 6. Re1 Nf6 7. e5 Nd5 8.
c4 Nc7 9. d4 cxd4 10. Nxd4 O-O 11. Nc3 Ne6 12. Nxe6 fxe6 13. f4 Rb8 14. b3 d6
15. Be3 Qc7 16. exd6 exd6 17. Rc1 Bh6 18. Qd2 Bb7 19. Ne4 Rbd8 20. c5 dxc5 21.
Qc3 Bg7 22. Qxc5 Rd5 23. Qc4 a5 24. Nc5 Bc8 25. Na4 c5 26. Nxc5 Qf7 27. Ne4 Bb7
28. Ng5 Qf5 29. Qc7 Rb5 30. Qe7 Bd5 31. Rc7 Qf6 32. Qxf6 Bxf6 33. Nxh7 Bd8 34.
Rd7 Re8 35. Bd4 Be7 36. Ng5 Bc6 37. Rxe6 Rxg5 38. Rxc6 1-0

[Event "Chigorin Memorial"]
[Site "St Petersburg"]
[Date "2016.10.20"]
[Round "6.12"]
[White "Sarana, Alexey"]
[Black "Fier, Alexandr"]
[Result "1/2-1/2"]
[WhiteElo "2427"]
[BlackElo "2614"]
[PlyCount "79"]
[EventDate "2016.10.15"]
[EventType "swiss"]
[EventRounds "9"]
[EventCountry "RUS"]
[WhiteClock "0:56:34"]
[BlackClock "0:44:30"]

1. d4 Nf6 2. c4 g6 3. Nf3 Bg7 4. g3 O-O 5. Bg2 d6 6. O-O Nc6 7. Nc3 Rb8 8. Bf4
a6 9. Rc1 h6 10. h3 g5 11. Be3 g4 12. hxg4 Nxg4 13. Bf4 Nxd4 14. Nxd4 e5 15. e3
exf4 16. exf4 c5 17. Nf3 b5 18. b3 bxc4 19. bxc4 Be6 20. Nh4 h5 21. Bd5 Bf6 22.
Nf3 Bxc3 23. Rxc3 Qf6 24. Bxe6 Qxc3 25. Bxg4 hxg4 26. Ne5 Rfd8 27. Qxg4+ Kf8
28. Nd7+ Rxd7 29. Qxd7 Qd3 30. Qc6 Kg7 31. Qxa6 Qf3 32. Qxd6 Rh8 33. Qe5+ Kg8
34. Qg5+ Kf8 35. Qxc5+ Kg8 36. Qg5+ Kf8 37. Qd8+ Kg7 38. Qg5+ Kf8 39. Qd8+ Kg7
40. Qg5+ 1/2-1/2

[Event "Chigorin Memorial"]
[Site "St Petersburg"]
[Date "2016.10.20"]
[Round "6.13"]
[White "Timofeev, Artyom"]
[Black "Gusain, Himal"]
[Result "1/2-1/2"]
[WhiteElo "2601"]
[BlackElo "2428"]
[PlyCount "89"]
[EventDate "2016.10.15"]
[EventType "swiss"]
[EventRounds "9"]
[EventCountry "RUS"]

1. d4 Nf6 2. c4 c5 3. Nf3 e6 4. g3 cxd4 5. Nxd4 Nc6 6. Bg2 Bc5 7. Nb3 Be7 8.
O-O O-O 9. Nc3 b6 10. Bf4 Bb7 11. Rc1 d6 12. Nb5 Ne8 13. Qd2 a6 14. Nc3 Ra7 15.
Rfd1 Ba8 16. h3 Qb8 17. Be3 Ne5 18. Qd4 Bxg2 19. Kxg2 Rb7 20. Ne4 Nd7 21. Qd3
Nc5 22. Nbxc5 bxc5 23. b3 Qa8 24. Kh2 Rb6 25. g4 Nf6 26. Nc3 Rd8 27. Bf4 Rb7
28. Qf3 Qc8 29. Rd2 Rbd7 30. Rcd1 Qc7 31. Bg3 Ne8 32. Rd3 Bf6 33. Ne4 Be7 34.
R1d2 Qb6 35. Nc3 Bg5 36. Rd1 Bf6 37. Na4 Qc7 38. h4 Rc8 39. R1d2 Qc6 40. Kg2
Bd8 41. e4 Ba5 42. Rd1 Rcd8 43. e5 d5 44. h5 f6 45. cxd5 1/2-1/2

[Event "Chigorin Memorial"]
[Site "St Petersburg"]
[Date "2016.10.20"]
[Round "6.14"]
[White "Rozum, Ivan"]
[Black "Korchmar, Vasiliy"]
[Result "1-0"]
[WhiteElo "2590"]
[BlackElo "2412"]
[PlyCount "51"]
[EventDate "2016.10.15"]
[EventType "swiss"]
[EventRounds "9"]
[EventCountry "RUS"]

1. d4 Nf6 2. c4 e6 3. Nf3 d5 4. e3 b6 5. Nc3 Bd6 6. cxd5 exd5 7. g3 O-O 8. Bg2
Ba6 9. Ne5 c6 10. f4 Bb4 11. Qb3 c5 12. Bd2 Bxc3 13. Bxc3 Ne4 14. dxc5 Nd7 15.
Qxd5 Nxe5 16. Qxe5 Nxc3 17. Qxc3 Rc8 18. c6 Re8 19. Kf2 Re6 20. Rhd1 Qe8 21.
Rac1 h5 22. Qd4 Rc7 23. Rc3 Bb5 24. Qd8 Qxd8 25. Rxd8+ Kh7 26. Rd4 1-0

[Event "Chigorin Memorial"]
[Site "St Petersburg"]
[Date "2016.10.20"]
[Round "6.15"]
[White "Pridorozhni, Aleksei"]
[Black "Shevchenko, Kirill"]
[Result "1/2-1/2"]
[WhiteElo "2579"]
[BlackElo "2447"]
[PlyCount "80"]
[EventDate "2016.10.15"]
[EventType "swiss"]
[EventRounds "9"]
[EventCountry "RUS"]

1. e4 c5 2. Nf3 d6 3. Bb5+ Nd7 4. d4 cxd4 5. Qxd4 a6 6. Bxd7+ Bxd7 7. c4 Rc8 8.
O-O e5 9. Qd3 b5 10. Na3 Qb6 11. cxb5 axb5 12. Bd2 Nf6 13. Bb4 Bc6 14. Rfe1 Be7
15. Rad1 Qb7 16. Nd2 O-O 17. Nab1 Rfd8 18. Qe2 d5 19. Bxe7 Qxe7 20. exd5 Nxd5
21. Qxe5 Qxe5 22. Rxe5 Nb4 23. f3 Nxa2 24. Ree1 Nb4 25. Nf1 Nd3 26. Re2 Nf4 27.
Rxd8+ Rxd8 28. Rd2 Rxd2 29. Nbxd2 Kf8 30. Ne3 Ke7 31. Kf1 b4 32. Nc2 Bb5+ 33.
Kf2 Nd3+ 34. Ke3 Nxb2 35. Nxb4 Nc4+ 36. Nxc4 Bxc4 37. Kd4 Bf1 38. Nd5+ Ke6 39.
g3 f6 40. Ne3 Be2 1/2-1/2

[Event "Chigorin Memorial"]
[Site "St Petersburg"]
[Date "2016.10.20"]
[Round "6.16"]
[White "Yanchenko, Roman"]
[Black "Aleksandrov, Aleksej"]
[Result "0-1"]
[WhiteElo "2419"]
[BlackElo "2568"]
[PlyCount "62"]
[EventDate "2016.10.15"]
[EventType "swiss"]
[EventRounds "9"]
[EventCountry "RUS"]

1. d4 d5 2. Nf3 Nf6 3. c4 e6 4. g3 dxc4 5. Bg2 Nc6 6. Qa4 Bb4+ 7. Bd2 Nd5 8.
Bxb4 Ndxb4 9. Nc3 Bd7 10. O-O a5 11. Qd1 O-O 12. e3 a4 13. Nd2 Na5 14. Nxa4 e5
15. Nc5 exd4 16. a3 Nd3 17. exd4 Nxc5 18. dxc5 Bf5 19. Rc1 Re8 20. Rc3 h6 21.
Qc1 Bd3 22. Rd1 Qf6 23. b4 Nc6 24. Bxc6 bxc6 25. Nxc4 Re2 26. Rf1 Rd8 27. a4 h5
28. h4 Ra2 29. Rxd3 Rxd3 30. b5 cxb5 31. axb5 Rc3 0-1

[Event "Chigorin Memorial"]
[Site "St Petersburg"]
[Date "2016.10.20"]
[Round "6.17"]
[White "Fedorov, Alexei"]
[Black "Pasiev, Rakhim"]
[Result "1/2-1/2"]
[WhiteElo "2567"]
[BlackElo "2406"]
[PlyCount "93"]
[EventDate "2016.10.15"]
[EventType "swiss"]
[EventRounds "9"]
[EventCountry "RUS"]

1. e4 c5 2. Nf3 Nc6 3. d4 cxd4 4. Nxd4 g6 5. Nc3 Bg7 6. Be3 Nf6 7. Bc4 d6 8. h3
O-O 9. Bb3 Bd7 10. O-O Rc8 11. Qd2 Re8 12. Nf3 a6 13. Bh6 Qa5 14. Bxg7 Kxg7 15.
Rfe1 Red8 16. Qf4 Ne5 17. Nd5 Nxf3+ 18. Qxf3 Nxd5 19. exd5 Re8 20. Re4 Bf5 21.
Re2 Rc7 22. Rae1 Bxc2 23. Bxc2 Rxc2 24. Rxc2 Qxe1+ 25. Kh2 b5 26. g3 Qe5 27. b3
e6 28. dxe6 Rxe6 29. Kg2 b4 30. Rd2 Qc5 31. Qd1 Rf6 32. Qa1 h5 33. h4 Qc6+ 34.
Kg1 Kg8 35. Qxf6 Qc1+ 36. Kg2 Qxd2 37. Qd8+ Kg7 38. Qa5 d5 39. Qxa6 Qc2 40. Qd6
Qe4+ 41. Kf1 Qd4 42. Ke2 Qb2+ 43. Kf1 Qb1+ 44. Kg2 Qe4+ 45. Kf1 Qd3+ 46. Kg2
Qe4+ 47. Kg1 1/2-1/2

[Event "Chigorin Memorial"]
[Site "St Petersburg"]
[Date "2016.10.20"]
[Round "6.18"]
[White "Sadovsky, Artem"]
[Black "Stupak, Kirill"]
[Result "1/2-1/2"]
[WhiteElo "2414"]
[BlackElo "2564"]
[PlyCount "106"]
[EventDate "2016.10.15"]
[EventType "swiss"]
[EventRounds "9"]
[EventCountry "RUS"]

1. e4 e6 2. Nf3 d5 3. Nc3 Nf6 4. e5 Nfd7 5. d4 b6 6. Bg5 Be7 7. Bxe7 Qxe7 8.
Nb5 Qd8 9. Bd3 Ba6 10. h4 Bxb5 11. Bxb5 c6 12. Bd3 c5 13. c3 Nc6 14. O-O Qc7
15. Qd2 h6 16. Rfe1 O-O-O 17. b4 Kb7 18. a4 c4 19. Bc2 a6 20. h5 Rde8 21. Nh4
Qd8 22. g3 Nf8 23. Kg2 Ne7 24. Qf4 g5 25. hxg6 Nfxg6 26. Qf6 Nxh4+ 27. Qxh4
Reg8 28. Qf6 Qf8 29. a5 b5 30. Rh1 Rg7 31. Rh5 Kc7 32. Rah1 Ng8 33. Qf4 Kd7 34.
R1h4 Qe7 35. Rg4 Qf8 36. Rgh4 Qe7 37. Qe3 f5 38. Qf3 Kc6 39. Kf1 Rg5 40. Qe3
Rxh5 41. Rxh5 Qf8 42. Qf4 Ne7 43. g4 fxg4 44. Qxf8 Rxf8 45. Rxh6 Kd7 46. Kg2
Rf3 47. Bd1 Rxc3 48. Bxg4 Rd3 49. Bxe6+ Kc7 50. Rh7 Kd8 51. Rh8+ Kc7 52. Rh7
Kd8 53. Rh8+ Kc7 1/2-1/2

[Event "Chigorin Memorial"]
[Site "St Petersburg"]
[Date "2016.10.20"]
[Round "6.19"]
[White "Duzhakov, Ilya"]
[Black "Chigaev, Maksim"]
[Result "1/2-1/2"]
[WhiteElo "2411"]
[BlackElo "2551"]
[PlyCount "80"]
[EventDate "2016.10.15"]
[EventType "swiss"]
[EventRounds "9"]
[EventCountry "RUS"]

1. d4 Nf6 2. c4 g6 3. g3 Bg7 4. Bg2 O-O 5. Nc3 d6 6. Nf3 Nbd7 7. O-O e5 8. h3
Re8 9. e4 exd4 10. Nxd4 a6 11. Be3 Rb8 12. Rc1 Ne5 13. Nd5 c5 14. Nxf6+ Bxf6
15. Ne2 b5 16. cxb5 axb5 17. b3 c4 18. Bd4 Ba6 19. Rc2 Nd3 20. Qa1 Bxd4 21.
Qxd4 Qe7 22. Rd1 Rec8 23. Nc3 Qe5 24. Qxe5 dxe5 25. Nd5 Kg7 26. Bf1 Nc5 27.
bxc4 bxc4 28. Bxc4 Nxe4 29. Ne3 Bxc4 30. Rxc4 Nc3 31. Rd2 Rxc4 32. Nxc4 Ra8 33.
Nxe5 Nxa2 34. Rd7 Rf8 35. Rb7 Nc3 36. Kg2 Ne4 37. Ra7 h5 38. h4 Nd6 39. Rd7 Nf5
40. Ra7 Nd6 1/2-1/2

[Event "Chigorin Memorial"]
[Site "St Petersburg"]
[Date "2016.10.20"]
[Round "6.20"]
[White "Drygalov, Sergey"]
[Black "Moiseenko, Vadim"]
[Result "1/2-1/2"]
[WhiteElo "2409"]
[BlackElo "2528"]
[PlyCount "150"]
[EventDate "2016.10.15"]
[EventType "swiss"]
[EventRounds "9"]
[EventCountry "RUS"]

1. d4 e6 2. c4 b6 3. Nf3 Bb7 4. g3 Nf6 5. Bg2 d5 6. O-O dxc4 7. Qa4+ Nbd7 8.
Qxc4 a6 9. Qd3 c5 10. b3 Rc8 11. Nbd2 b5 12. a4 Qb6 13. Ba3 Be7 14. Rfc1 O-O
15. e3 Rfd8 16. Qe2 Bf8 17. axb5 axb5 18. Bb2 Nd5 19. dxc5 Nxc5 20. Bf1 b4 21.
Bd4 Be7 22. Ne5 Nc3 23. Qg4 g6 24. Qf4 f6 25. Ng4 Qc6 26. f3 Nd7 27. Qh6 e5 28.
Bc4+ Kh8 29. Bxc3 bxc3 30. Rxc3 Nf8 31. Ne4 Qb6 32. Rf1 Qa5 33. Rcc1 Rxc4 34.
Rxc4 f5 35. Ng5 Bxg5 36. Qxg5 fxg4 37. Qf6+ Kg8 38. fxg4 Bd5 39. Qxe5 Qd2 40.
Rf2 Qd1+ 41. Rf1 Bxc4 42. Rxd1 Rxd1+ 43. Kf2 Bxb3 44. h4 Be6 45. Qf4 Rd5 46.
Qe4 Bf7 47. g5 Nd7 48. g4 Nc5 49. Qe7 Re5 50. Qc7 Ne4+ 51. Kf3 Nd2+ 52. Kf2 Re8
53. Qd7 Nc4 54. e4 Ne5 55. Qd4 Nxg4+ 56. Kg3 Ne5 57. Qd6 Nc4 58. Qd4 Na5 59.
Qc3 Nb7 60. Qc6 Nd8 61. Qd6 Ne6 62. Qc6 Nd4 63. Qc7 Ne6 64. Qc6 Ng7 65. Kf4 Be6
66. Qb5 Rf8+ 67. Ke3 Bh3 68. Qd5+ Kh8 69. Qd2 Bg4 70. Qg2 Bd7 71. Qc2 Be6 72.
Qc6 Kg8 73. Qd6 Bf7 74. Qc6 Rd8 75. Kf3 Ne6 1/2-1/2

[Event "Chigorin Memorial"]
[Site "St Petersburg"]
[Date "2016.10.20"]
[Round "6.21"]
[White "Paravyan, David"]
[Black "Bartel, Michal"]
[Result "1-0"]
[WhiteElo "2528"]
[BlackElo "2357"]
[PlyCount "99"]
[EventDate "2016.10.15"]
[EventType "swiss"]
[EventRounds "9"]
[EventCountry "RUS"]

1. e4 e5 2. Nf3 Nc6 3. Bc4 Nf6 4. d3 h6 5. O-O d6 6. c3 g6 7. d4 Qe7 8. Re1 Bg7
9. Nbd2 O-O 10. h3 Bd7 11. Nf1 Rad8 12. Ng3 Rfe8 13. Be3 a6 14. Qc2 Bc8 15. d5
Nb8 16. b4 Rf8 17. Bd3 Nbd7 18. c4 c5 19. dxc6 bxc6 20. Rad1 Bb7 21. a4 Rb8 22.
Qd2 Kh7 23. Bc2 Ba8 24. c5 d5 25. exd5 Nxd5 26. Nh5 f5 27. Nxg7 Qxg7 28. Nxe5
Nxe5 29. Bd4 Rfe8 30. Rxe5 Rxe5 31. f4 Rxb4 32. Bxe5 Qe7 33. Qf2 Rc4 34. Re1
Qxc5 35. Qxc5 Rxc5 36. Bb3 g5 37. Bd4 Ra5 38. Re8 c5 39. Be5 Bc6 40. Rh8+ Kg6
41. Rc8 Ne7 42. Rc7 c4 43. Bxc4 Rxa4 44. Rxe7 Rxc4 45. g4 fxg4 46. hxg4 Rc1+
47. Kf2 Rc2+ 48. Ke1 h5 49. Rg7+ Kh6 50. fxg5# 1-0

[Event "Chigorin Memorial"]
[Site "St Petersburg"]
[Date "2016.10.20"]
[Round "6.22"]
[White "Fedotov, Nikita"]
[Black "Xu, Yinglun"]
[Result "1/2-1/2"]
[WhiteElo "2302"]
[BlackElo "2526"]
[PlyCount "45"]
[EventDate "2016.10.15"]
[EventType "swiss"]
[EventRounds "9"]
[EventCountry "RUS"]

1. Nf3 Nf6 2. g3 d5 3. Bg2 c6 4. O-O Bf5 5. c4 e6 6. b3 h6 7. Bb2 Be7 8. d3 O-O
9. Nbd2 Bh7 10. Rc1 Nbd7 11. a3 a5 12. cxd5 exd5 13. Nd4 Re8 14. N2f3 Qb6 15.
a4 Bd6 16. Bh3 Bf8 17. Qc2 Rad8 18. Rfe1 Bb4 19. Rf1 Nf8 20. Bc3 N8d7 21. Bb2
Nf8 22. Bc3 N8d7 23. Bb2 1/2-1/2

[Event "Chigorin Memorial"]
[Site "St Petersburg"]
[Date "2016.10.20"]
[Round "6.23"]
[White "Artemiev, Vladislav"]
[Black "Biriukov, Oleg V"]
[Result "1-0"]
[WhiteElo "2663"]
[BlackElo "2327"]
[PlyCount "65"]
[EventDate "2016.10.15"]
[EventType "swiss"]
[EventRounds "9"]
[EventCountry "RUS"]

1. Nf3 c5 2. c4 Nf6 3. Nc3 d5 4. cxd5 Nxd5 5. e4 Nb4 6. Bc4 Nd3+ 7. Ke2 Nf4+ 8.
Kf1 Ne6 9. d3 Nc6 10. h4 Ned4 11. Nb5 a6 12. Nbxd4 cxd4 13. Bd2 e6 14. Rc1 Be7
15. Rh3 f6 16. Rg3 O-O 17. h5 Kh8 18. Nh4 Rf7 19. f4 Bd6 20. Qg4 Qe8 21. Kg1
Rc7 22. Rf1 b5 23. Bb3 Raa7 24. Rh3 Rab7 25. Ng6+ Kg8 26. f5 Ne5 27. Nxe5 Bxe5
28. h6 Kh8 29. fxe6 Rc6 30. Qh5 Qxh5 31. Rxh5 Bxe6 32. Rxe5 Bxb3 33. axb3 1-0

[Event "Chigorin Memorial"]
[Site "St Petersburg"]
[Date "2016.10.20"]
[Round "6.24"]
[White "Abdusattorov, Nodirbek"]
[Black "Bok, Benjamin"]
[Result "1-0"]
[WhiteElo "2395"]
[BlackElo "2594"]
[PlyCount "127"]
[EventDate "2016.10.15"]
[EventType "swiss"]
[EventRounds "9"]
[EventCountry "RUS"]

1. e4 c5 2. Nf3 d6 3. d4 cxd4 4. Nxd4 Nf6 5. Nc3 a6 6. Be3 e5 7. Nb3 Be6 8. f3
Be7 9. Qd2 O-O 10. O-O-O Nbd7 11. g4 b5 12. g5 Nh5 13. Nd5 Bxd5 14. exd5 f6 15.
gxf6 Bxf6 16. Rg1 Nb6 17. Na5 Qc7 18. Nc6 Rac8 19. Rg4 Kh8 20. Nb4 Qb7 21. c3
Bd8 22. Bd3 Qf7 23. Be4 Nc4 24. Qd3 Nf6 25. Rg3 Nxe4 26. Qxe4 Qf5 27. Qxf5 Rxf5
28. Bg1 Bh4 29. Rh3 Bg5+ 30. Kc2 Be3 31. b3 Bxg1 32. bxc4 Bc5 33. Nxa6 bxc4 34.
Rb1 h6 35. Rb8 Rxb8 36. Nxb8 Bf2 37. a4 Rf8 38. Nc6 Kh7 39. a5 g5 40. Kd2 Rf7
41. Ke2 Bc5 42. Rg3 Rb7 43. Rg4 Rb2+ 44. Kf1 Rf2+ 45. Ke1 Rxh2 46. Rxc4 Ra2 47.
Rxc5 h5 48. Rc4 h4 49. Kf1 Kg6 50. Re4 Kf5 51. Re2 Ra3 52. Kg2 Kf4 53. Re4+ Kf5
54. Re2 Kf4 55. Ne7 h3+ 56. Kf2 Ra4 57. Re4+ Rxe4 58. fxe4 g4 59. Ng6+ Kxe4 60.
a6 Kd3 61. a7 e4 62. a8=Q e3+ 63. Kg3 e2 64. Nf4+ 1-0

[Event "Chigorin Memorial"]
[Site "St Petersburg"]
[Date "2016.10.20"]
[Round "6.25"]
[White "Gordievsky, Dmitry"]
[Black "Saveliev, Alexei"]
[Result "1-0"]
[WhiteElo "2555"]
[BlackElo "2392"]
[PlyCount "95"]
[EventDate "2016.10.15"]
[EventType "swiss"]
[EventRounds "9"]
[EventCountry "RUS"]

1. e4 c5 2. Nf3 e6 3. d4 cxd4 4. Nxd4 a6 5. c4 Nf6 6. Nc3 Qc7 7. a3 Be7 8. Be2
O-O 9. Be3 d6 10. O-O b6 11. Rc1 Bb7 12. f3 Nbd7 13. b4 Rac8 14. Qd2 Qb8 15.
Rfd1 Bd8 16. Nb3 Bc7 17. Bf4 Ne5 18. Bxe5 dxe5 19. c5 Qa7 20. Na4 Bc6 21. Nxb6
Bxb6 22. cxb6 Qxb6+ 23. Nc5 Ba4 24. Re1 Rfd8 25. Qe3 Nd7 26. Bf1 Nxc5 27. bxc5
Qc6 28. Qc3 f6 29. Qa5 Bb5 30. Qb6 Rd4 31. Bxb5 axb5 32. Rb1 Rc4 33. Qxc6 Rxc6
34. Rxb5 R4xc5 35. Rxc5 Rxc5 36. a4 Kf7 37. Ra1 Ke7 38. a5 Kd7 39. a6 Rc8 40.
Kf2 Kc6 41. Rc1+ Kd7 42. Rxc8 Kxc8 43. Ke3 Kb8 44. Kd3 Ka7 45. Kc4 Kb6 46. a7
Kxa7 47. Kc5 f5 48. Kd6 1-0